000 00199 a2200097 4500
001 2674
100 _aMasani, R.P.
245 _aDadahai Naoroji
260 _a
_bGeorge Allen
_c
090 _c1970
_d1970
942 _aNUST-CAE
_cM
_c10780
999 _c237747
_d237747